Apuntes sobre las escrituras mozárabes toledanas que se conservan en el Archivo Histórico Nacional / (Record no. 162409)

MARC details
000 -LEADER
campo de control de longitud fija 00920nam a2200241 i 4500
001 - NÚMERO DE CONTROL
campo de control 162409
003 - IDENTIFICADOR DE NÚMERO DE CONTROL
campo de control ES-MaACL
005 - FECHA Y HORA DE LA ÚLTIMA TRANSACCIÓN
campo de control 20250812091038.0
008 - DATOS DE LONGITUD FIJA--INFORMACIÓN GENERAL
campo de control de longitud fija 931025s1897 sp |||| | spa d
100 1# - ENTRADA PRINCIPAL--NOMBRE DE PERSONA
Nombre de persona Pons Boigues, Francisco.
9 (RLIN) 93004
245 10 - MENCIÓN DEL TÍTULO
Título Apuntes sobre las escrituras mozárabes toledanas que se conservan en el Archivo Histórico Nacional /
Mención de responsabilidad, etc. por Francisco Pons Boigues.
260 ## - PUBLICACIÓN, DISTRIBUCIÓN, ETC.
Lugar de publicación, distribución, etc. Madrid :
Nombre del editor, distribuidor, etc. [s.n.],
Fecha de publicación, distribución, etc. 1897 (
Fabricante Est. Tip. de la Viuda e Hijos de Tello)
300 ## - DESCRIPCIÓN FÍSICA
Extensión 320 p. ;
Dimensiones 19 cm.
530 ## - NOTA DISPONIBLE DE FORMULARIO FÍSICO ADICIONAL
Nota de formato físico adicional disponible Disponible en formato digital.
546 ## - NOTA DE IDIOMA
Nota de lengua/lenguaje Textos en español y mozárabe.
597 ## - NOTA DE DESCRIPCIÓN FÍSICA
NOTA DE DESCRIPCIÓN FÍSICA Signaturizado.
650 #7 - PUNTO DE ACCESO ADICIONAL DE MATERIA--TÉRMINO DE MATERIA
Término de materia o nombre geográfico como elemento de entrada Dialectos mozárabes
Fuente del encabezamiento o término embne
9 (RLIN) 141211
650 #4 - PUNTO DE ACCESO ADICIONAL DE MATERIA--TÉRMINO DE MATERIA
Término de materia o nombre geográfico como elemento de entrada Mozárabes-
Subdivisión geográfica Toledo.
9 (RLIN) 155461
752 ## - ENTRADA AGREGADA--NOMBRE JERÁRQUICO DEL LUGAR
País o entidad superior España -
Ciudad Madrid
852 ## - LOCALIZACIÓN
Ubicación ES-MaACL
Número de control de estantería G-13973
Nota libre - Enc. hol.
856 ## - LOCALIZACIÓN Y ACCESO ELECTRÓNICOS
Identificador Uniforme de Recursos <a href="https://archive.org/details/apuntessobrelas00spagoog ">https://archive.org/details/apuntessobrelas00spagoog </a>
Nota pública Internet Archive
Holdings
Estatus retirado Estado de pérdida Estado de daño No para préstamo Colección Biblioteca de origen Biblioteca actual Ubicación en estantería Fecha de adquisición Fuente de adquisición Total de préstamos Signatura topográfica completa Código de barras Visto por última vez Precio de reemplazo Tipo de ítem Koha
        Colección digital Biblioteca del Ateneo de Madrid Biblioteca del Ateneo de Madrid Sala Pecera Planta 3 17/01/2008     G-13973 1170145 23/02/2023 23/02/2023 Libro impreso antiguo